000
00257nam a2200097Ia 4500
008
220204s9999 xx 000 0 und d
082
_a
389(540)
_b
HAN
245
0
_a
Handbook of ISI publications. 1962, 1968, 1972
260
_a
New Delhi
_b
ISI
_c
1962
942
_c
BK
999
_c
21767
_d
21767